<?xml version="1.0" encoding="UTF-8"?>
<marc:record xmlns:marc="http://www.loc.gov/MARC21/slim">
   <marc:leader>00000nam a2200000 a 4500</marc:leader>
   <marc:datafield ind1="0" ind2="0" tag="245">
      <marc:subfield code="a">Garten und Haus - Rezept-Sammlung</marc:subfield>
   </marc:datafield>
   <marc:datafield ind1="0" ind2="0" tag="245">
      <marc:subfield code="b">Marmeladen, Chutneys, Eingemachtes</marc:subfield>
   </marc:datafield>
   <marc:datafield ind1=" " ind2="1" tag="264">
      <marc:subfield code="a">Leopoldsdorf</marc:subfield>
      <marc:subfield code="b">Österreichischer Agrarverl.</marc:subfield>
   </marc:datafield>
   <marc:datafield ind1="1" ind2=" " tag="490">
      <marc:subfield code="a">Rezept-Sammlung Garten und Haus</marc:subfield>
   </marc:datafield>
   <marc:datafield ind1="1" ind2=" " tag="520">
      <marc:subfield code="a">Die erfolgreiche Rezeptsammlung von GARTEN+HAUS ist mittlerweile ein Klassiker. Ob cremige Aufstriche, Einmach- und Einkochideen, flaumige Kuchen, fruchtig-saftige Torten, knusprige Brote, aromatische Weihnachtsbäckerei oder österreichische Leckerbissen &#x96; einer gelungenen Köstlichkeit steht damit nichts mehr im Wege.</marc:subfield>
   </marc:datafield>
   <marc:datafield ind1=" " ind2=" " tag="300">
      <marc:subfield code="a">82 S.</marc:subfield>
   </marc:datafield>
</marc:record>
